Missale romanum ex decreto sacro sancti concilii tridenti restitutum S. PIII V. Pontificis Maximi jussu editum Clementis VIII & Urbani VIII auctoritate recognitum in quo missae novissime sanctorum summo studio disponuntur. (Record no. 8292)

MARC details
000 -CABECERA
campo de control de longitud fija 01488nam a2200349 a 4500
001 - NÚMERO DE CONTROL
campo de control BRCA_8632
005 - FECHA Y HORA DE LA ÚLTIMA TRANSACCIÓN
campo de control 20190320210342.0
008 - DATOS DE LONGITUD FIJA--INFORMACIÓN GENERAL
campo de control de longitud fija 220916s1720----it-a######---#000-0#lat-#
041 ## - CÓDIGO DE LENGUA
Código de lengua del texto/banda sonora o título independiente lat
044 ## - CÓDIGO DEL PAÍS DE LA ENTIDAD EDITORA/PRODUCTORA
Código MARC del país it
050 #4 - SIGNATURA TOPOGRÁFICA DE LA BIBLIOTECA DEL CONGRESO
Número de clasificación BX1970
Número de documento/Ítem .M57
-- 1720
245 10 - MENCIÓN DE TÍTULO
Título Missale romanum ex decreto sacro sancti concilii tridenti restitutum S. PIII V. Pontificis Maximi jussu editum Clementis VIII & Urbani VIII auctoritate recognitum in quo missae novissime sanctorum summo studio disponuntur.
260 ## - PUBLICACIÓN, DISTRIBUCIÓN, ETC.
Lugar de publicación, distribución, etc. Venetiis
Nombre del editor, distribuidor, etc. Sumptibus Pauli Balleonii
Fecha de publicación, distribución, etc. 1720
300 ## - DESCRIPCIÓN FÍSICA
Extensión 420. lxxx p.
Otras características físicas il.
Dimensiones 39 cm
500 ## - NOTA GENERAL
Nota general Fondo antiguo
500 ## - NOTA GENERAL
Nota general Se encuentra en Caja Fuerte
500 ## - NOTA GENERAL
Nota general 12-6
500 ## - NOTA GENERAL
Nota general Libro impreso a dos tintas negro y rojo
500 ## - NOTA GENERAL
Nota general Grabado en portada
500 ## - NOTA GENERAL
Nota general Filigrana en las guardas
500 ## - NOTA GENERAL
Nota general Contiene 5 láminas en las páginas: 1, 14, 178, 188 y 211
500 ## - NOTA GENERAL
Nota general Incluye tablas
500 ## - NOTA GENERAL
Nota general Texto impreso a dos columnas
500 ## - NOTA GENERAL
Nota general Uso de letras capiturales
500 ## - NOTA GENERAL
Nota general Estado físico: presente manchas en las páginas 179-186
500 ## - NOTA GENERAL
Nota general Nota de encuadernación: en terciopelo, ornamentos y escudo en plata
505 0# - NOTA DE CONTENIDO CON FORMATO
Nota de contenido con formato Contiene: missae propriae sanctorum decretis quam plurium romanorum pontificum, et clmentis XI pontificis maximi, 1719
506 0# - NOTA DE RESTRICCIONES AL ACCESO
Limitaciones de acceso Fondo reservado: para su consulta es necesario credencial de usuario y carta de motivos
650 14 - PUNTO DE ACCESO ADICIONAL DE MATERIA--TÉRMINO DE MATERIA
Término de materia o nombre geográfico como elemento de entrada Iglesia católica
Término indicativo de función/relación Liturgia
Subdivisión de forma textos
9 (RLIN) 21555
902 ## - CATALOGADOR
Iniciales LAR
942 ## - ELEMENTOS DE PUNTO DE ACCESO ADICIONAL (KOHA)
Fuente del sistema de clasificación o colocación Library of Congress Classification
Tipo de ítem Koha Libros
Holdings
Estado de retiro Estado de pérdida Estado dañado No para préstamo Localización permanente Ubicación/localización actual Fecha de adquisición Total de préstamos Signatura topográfica completa Código de barras Fecha visto por última vez Precio válido a partir de Tipo de ítem Koha
El ejemplar forma parte de la colección y puede ser consultado según las políticas vigentes.       Biblioteca del Museo Franz Mayer (Rogerio Casas-Alatriste) Biblioteca del Museo Franz Mayer (Rogerio Casas-Alatriste) 22/09/2016   BX1970 .M57 1720 LAR00137 22/03/2019 22/03/2019 Libros